The Smiling Uraon (Record no. 536)

MARC details
000 -LEADER
fixed length control field 00279nam a22001097a 4500
008 - FIXED-LENGTH DATA ELEMENTS--GENERAL INFORMATION
fixed length control field 160623b xxu||||| |||| 00| 0 eng d
100 ## - MAIN ENTRY--PERSONAL NAME
9 (RLIN) 657
Personal name Tirkey, B
245 ## - TITLE STATEMENT
Title The Smiling Uraon
260 ## - PUBLICATION, DISTRIBUTION, ETC. (IMPRINT)
Place of publication, distribution, etc. Patne
Name of publisher, distributor, etc. Navjyoti Niketan
Date of publication, distribution, etc. 1989
300 ## - PHYSICAL DESCRIPTION
Extent The Smiling Uraon
942 ## - ADDED ENTRY ELEMENTS (KOHA)
Source of classification or shelving scheme Dewey Decimal Classification
Koha item type BOOK
Holdings
Withdrawn status Lost status Source of classification or shelving scheme Damaged status Not for loan Home library Current library Shelving location Date acquired Total Checkouts Full call number Barcode Date last seen Price effective from Koha item type
    Dewey Decimal Classification     Good Samaritan School Library Good Samaritan School Library FICTION 06/23/2016   823 TIR1400 06/23/2016 06/23/2016 BOOK

Powered by Koha